Global Communication (Record no. 4999)

MARC details
005 - DATE AND TIME OF LATEST TRANSACTION
control field 20250625101353.0
020 ## - INTERNATIONAL STANDARD BOOK NUMBER
International Standard Book Number 978-1-84920-424-8
100 ## - MAIN ENTRY--PERSONAL NAME
Author name HAMELINK, C
245 ## - TITLE STATEMENT
Title Global Communication
260 ## - PUBLICATION, DISTRIBUTION, ETC.
Place of publication, distribution, etc. Los Angels
Name of publisher, distributor, etc. Sage Publications Ltd.
Date of publication, distribution, etc. 2015.
300 ## - PHYSICAL DESCRIPTION
Extent xiv, 279p.
Other physical details Index
Dimensions 24cm
942 ## - ADDED ENTRY ELEMENTS (KOHA)
Source of classification or shelving scheme Dewey Decimal Classification
Koha item type Books
Holdings
Date last seen Total checkouts Barcode Cost, replacement price Price effective from Koha item type Lost status Source of classification or shelving scheme Damaged status Not for loan Withdrawn status Home library Current library Shelving location Date acquired Source of acquisition Cost, normal purchase price
06/25/2025   MZA0002106 150000.00 06/25/2025 Books   Dewey Decimal Classification       CBE Mwanza CBE Mwanza General Collection 06/17/2024 Library Budget 50000.00